Statistics for Manchester United's Players of the Year

Click here to take the quiz!

General Stats

  • This quiz has been taken 283 times
    (177 since last reset)
  • The average score is 22 of 35

Answer Stats

SeasonWinner% Correct
2021-2022Cristiano Ronaldo
95%
2006-2007Cristiano Ronaldo
95%
2007-2008Cristiano Ronaldo
95%
2003-2004Cristiano Ronaldo
95%
1997-98Ryan Giggs
89%
2005-2006Wayne Rooney
89%
2009-2010Wayne Rooney
89%
2017-2018David de Gea
88%
2015-2016David de Gea
88%
2014-2015David de Gea
88%
2013-2014David de Gea
88%
2019-2020Bruno Fernandes
80%
1996-97David Beckham
77%
2012-2013Robin van Persie
74%
1993-94Eric Cantona
73%
1995-96Eric Cantona
73%
2008-2009Nemanja Vidić
71%
2020-2021Bruno Fernandes
70%
1998-99Roy Keane
68%
1999-2000Roy Keane
68%
2002-2003Ruud van Nistelrooy
67%
2001-2002Ruud van Nistelrooy
67%
2000-2001Teddy Sheringham
45%
1990-91Mark Hughes
44%
2011-2012Antonio Valencia
36%
1988-89Bryan Robson
36%
2018-2019Luke Shaw
36%
1992-93Paul Ince
32%
1989-90Gary Pallister
30%
2016-2017Ander Herrera
27%
1994-95Andrei Kanchelskis
27%
2010-2011Javier Hernández
24%
1987-88Brian McClair
22%
1991-92Brian McClair
22%
2004-2005Gabriel Heinze
13%

Score Distribution

Percentile by Number Answered

Percent of People with Each Score

Your Score History

You have not taken this quiz since the last reset